000 01249nam a2200373 c 4500
001 23241
003 ES-MaCES
005 20150925135355.0
008 100817s2009 pe t m100 | spa d
035 _aCES20100006994m
040 _aES-MaCES
_bspa
_cES-MaCES
100 1 _aFoy Valencia, Pierre
_912325
245 1 0 _aAspectos ambientales relevantes en los países de la Comunidad Andina
_cPierre Foy Valencia
250 _a1ª ed
260 _a[Lima]
_bConsejo Consultivo Laboral Andino-CCLA
_bInstituto Laboral Andino-ILA
_c2010
300 _a246 p.
_c21 cm
504 _aBibliografía: p. 134-135
541 _cGratuito
650 4 _aprotección ambiental
_929423
650 4 _apolítica ambiental
_929422
650 4 _acambio climático
_930961
650 4 _aderecho medioambiental
_930801
650 4 _aderecho constitucional
_927158
650 4 _aregión andina
_926765
650 4 _aestudio de casos
_928846
650 4 _acomparación
_928892
653 1 0 _aMedio ambiente
650 4 _928715
_amedio ambiente
710 2 _aConsejo Consultivo Laboral Andino
_eed.
_92353
710 2 _aInstituto Laboral Andino
_eed.
_94250
902 _aLIB Libro
942 _2CES
_cBK
_h4.2.
999 _c23241
_d23241